000 00652nam a2200205Ia 4500
003 OSt
005 20250312160338.0
008 210210b1969 xxu||||| |||| 00| 0 eng d
040 _cAL
041 _aKannada
082 _aK894.3 SHAK
100 _aSHARASHCHANDRA CHATTOPADHYAYA.
_dಶರತ್ ಚಂದ್ರ ಚಟ್ಟೋಪಾಧ್ಯಾಯ
_9205780
245 _aKulavadhu
_bಕುಲವಧು
260 _aDharavada
_bSamaja Pustakalaya
_c1969
300 _a191
690 _aKannada Fiction
_9205781
700 _dರಾಮಚಂದ್ರ ಕೊಟ್ಟಲಗಿ
_9205782
_a Ramachandra Kottalagi Tr
906 _a028023
942 _2ddc
_cBK
999 _c79286
_d79286